|
|
|
|
| LEADER |
00000 a2200000 4500 |
| 003 |
CL-VaPUC |
| 005 |
20250129121607.0 |
| 008 |
250106t2022 ||||| |||| 00| 0 spa d |
| 999 |
|
|
|c 446350
|d 446348
|
| 020 |
|
|
|a 978-84-1359-421-7
|
| 040 |
|
|
|c Pontificia Universidad Católica de Valparaíso
|
| 082 |
|
|
|2 22
|a 343.0999 GAR 2022
|
| 100 |
|
|
|a García Goldar, Mónica
|9 895004
|e dirección
|
| 245 |
|
|
|a El derecho ante la tecnología:
|b Innovación y adaptación.
|
| 250 |
|
|
|a 1a. Edición.
|
| 260 |
|
|
|a La Coruña, España:
|b Colex,
|c 2022.
|
| 300 |
|
|
|a 385 páginas.
|
| 583 |
|
|
|k Yessy Díaz Vidal
|c 20250106
|
| 650 |
|
0 |
|9 256456
|a Derecho
|x Desafíos tecnológicos
|
| 650 |
|
0 |
|9 300376
|a Inteligencia artificial
|v Prácticas jurídicas
|
| 650 |
|
0 |
|9 885264
|a Derechos digitales
|x Legislación
|z España y Unión Europea
|
| 650 |
|
0 |
|9 391659
|a Derecho patrimonial
|v Digitalización
|
| 700 |
|
|
|9 895074
|a Núñez Cerviño, José
|e dirección
|
| 942 |
|
|
|2 ddc
|c BK
|
| 952 |
|
|
|0 0
|1 0
|2 ddc
|4 0
|6 343_099900000000000_GAR_2022
|7 0
|8 A
|9 598790
|a BIBDER
|b BIBDER
|d 2025-01-02
|e 1
|g 41640.00
|i 5663726
|o 343.0999 GAR 2022
|p 5663726
|r 2025-01-02
|t 1
|v 41640.00
|w 2025-01-02
|y BK
|k DER
|